000 00549nam a22001817a 4500
003 UA-OsUOA
001 39242
007 ta
008 20060613b un ||||| |||| 00| 0 ukr d
090 _a81,04
_bА53
942 _cBK
040 _aUA-OsUOA
_cUA-OsUOA
_dUA-OsUOA
245 _aКиевские глаголические листки Х в.
955 _a0
080 _a81,04
260 _aК.
_bНаукова думка
_c1983
650 7 _a8 Мовознавство. Художня література. Літературознавство
_2UDC
999 _c325390
_d325390